[Event "ODJM B 2024"]
[Site "Willingen GER"]
[Date "2024.05.25"]
[Round "9"]
[White "Hildebrand, Azat"]
[Black "Neumeier, Konstantin"]
[Result "1-0"]
[Termination "normal"]
[Board "44"]
[WhiteElo "1681"]
[BlackElo "1710"]
[WhiteClock "01:22:07"]
[BlackClock "01:13:10"]
[PlyCount "35"]
[WhiteFideId "34607536"]
[BlackFideId "34608230"]
[EventCountry "GER"]
[EventRounds "9"]
[EventType "swiss"]
[EventDate "2024.05.18"]

1. d4 {[%clk 01:30:55]} {[%emt 00:00:05]} d5 {[%clk 01:30:55]} {[%emt
00:00:06]} 2. Nf3 {[%clk 01:30:55]} {[%emt 00:00:30]} Nf6 {[%clk 01:31:19]}
{[%emt 00:00:05]} 3. e3 {[%clk 01:31:16]} {[%emt 00:00:09]} e6 {[%clk
01:31:43]} {[%emt 00:00:06]} 4. Bd3 {[%clk 01:31:40]} {[%emt 00:00:06]} c5
{[%clk 01:32:09]} {[%emt 00:00:04]} 5. c3 {[%clk 01:31:45]} {[%emt 00:00:26]}
Be7 {[%clk 01:32:22]} {[%emt 00:00:16]} 6. Ne5 {[%clk 01:31:26]} {[%emt
00:00:49]} Nc6 {[%clk 01:32:26]} {[%emt 00:00:25]} 7. f4 {[%clk 01:31:47]}
{[%emt 00:00:10]} a6 {[%clk 01:30:44]} {[%emt 00:02:12]} 8. Nd2 {[%clk
01:31:12]} {[%emt 00:01:05]} O-O {[%clk 01:29:40]} {[%emt 00:01:35]} 9. O-O
{[%clk 01:30:52]} {[%emt 00:00:50]} Qc7 {[%clk 01:21:18]} {[%emt 00:08:51]} 10.
Qf3 {[%clk 01:29:57]} {[%emt 00:01:26]} Nxe5 {[%clk 01:17:38]} {[%emt
00:04:09]} 11. fxe5 {[%clk 01:29:27]} {[%emt 00:00:59]} Ne8 {[%clk 01:17:05]}
{[%emt 00:01:04]} 12. Qh5 {[%clk 01:24:56]} {[%emt 00:05:01]} g6 {[%clk
01:17:12]} {[%emt 00:00:23]} 13. Qh6 {[%clk 01:24:50]} {[%emt 00:00:36]} Ng7
{[%clk 01:17:31]} {[%emt 00:00:11]} 14. Rf3 {[%clk 01:23:40]} {[%emt 00:01:41]}
c4 {[%clk 01:17:04]} {[%emt 00:00:56]} 15. Rh3 {[%clk 01:22:35]} {[%emt
00:01:35]} Nh5 {[%clk 01:17:22]} {[%emt 00:00:12]} 16. Rxh5 {[%clk 01:22:53]}
{[%emt 00:00:12]} Rd8 {[%clk 01:12:46]} {[%emt 00:05:06]} 17. Qxh7+ {[%clk
01:21:43]} {[%emt 00:01:40]} Kf8 {[%clk 01:13:10]} {[%emt 00:00:06]} 18. Qh8#
{[%clk 01:22:07]} {[%emt 00:00:06]} 1-0

[Event "ODJM B 2024"]
[Site "Willingen GER"]
[Date "2024.05.25"]
[Round "9"]
[White "Will, Elina"]
[Black "Fize, Aleksandrs"]
[Result "1/2-1/2"]
[Termination "normal"]
[Board "45"]
[WhiteElo "1640"]
[BlackElo "1609"]
[WhiteClock "00:14:08"]
[BlackClock "00:58:21"]
[PlyCount "77"]
[WhiteFideId "34623434"]
[BlackFideId "34623779"]
[EventCountry "GER"]
[EventRounds "9"]
[EventType "swiss"]
[EventDate "2024.05.18"]

1. e4 {[%clk 01:30:58]} {[%emt 00:00:02]} c5 {[%clk 01:30:57]} {[%emt
00:00:04]} 2. b3 {[%clk 01:31:23]} {[%emt 00:00:05]} e6 {[%clk 01:31:21]}
{[%emt 00:00:06]} 3. Bb2 {[%clk 01:31:28]} {[%emt 00:00:25]} Nc6 {[%clk
01:31:43]} {[%emt 00:00:08]} 4. Bb5 {[%clk 01:31:46]} {[%emt 00:00:12]} a6
{[%clk 01:32:05]} {[%emt 00:00:08]} 5. Bxc6 {[%clk 01:32:08]} {[%emt 00:00:07]}
bxc6 {[%clk 01:32:30]} {[%emt 00:00:06]} 6. c4 {[%clk 01:28:22]} {[%emt
00:04:16]} Bb7 {[%clk 01:32:42]} {[%emt 00:00:18]} 7. e5 {[%clk 01:28:22]}
{[%emt 00:00:30]} Ne7 {[%clk 01:33:06]} {[%emt 00:00:05]} 8. d3 {[%clk
01:26:43]} {[%emt 00:02:10]} Qc7 {[%clk 01:32:18]} {[%emt 00:01:18]} 9. f4
{[%clk 01:25:19]} {[%emt 00:01:54]} Ng6 {[%clk 01:32:36]} {[%emt 00:00:11]} 10.
g3 {[%clk 01:23:45]} {[%emt 00:02:05]} Be7 {[%clk 01:31:39]} {[%emt 00:01:27]}
11. Nf3 {[%clk 01:23:33]} {[%emt 00:00:42]} O-O {[%clk 01:31:25]} {[%emt
00:00:43]} 12. O-O {[%clk 01:23:32]} {[%emt 00:00:31]} Rad8 {[%clk 01:31:34]}
{[%emt 00:00:21]} 13. Nbd2 {[%clk 01:23:36]} {[%emt 00:00:26]} d6 {[%clk
01:31:42]} {[%emt 00:00:22]} 14. Qe2 {[%clk 01:20:29]} {[%emt 00:03:37]} d5
{[%clk 01:30:00]} {[%emt 00:02:12]} 15. Rad1 {[%clk 01:17:38]} {[%emt
00:03:21]} Rd7 {[%clk 01:26:02]} {[%emt 00:04:28]} 16. Rfe1 {[%clk 01:11:16]}
{[%emt 00:06:52]} Rfd8 {[%clk 01:24:14]} {[%emt 00:02:18]} 17. Kf2 {[%clk
01:00:29]} {[%emt 00:11:17]} Kf8 {[%clk 01:14:04]} {[%emt 00:10:41]} 18. Kg2
{[%clk 00:47:52]} {[%emt 00:13:08]} h6 {[%clk 01:12:16]} {[%emt 00:02:16]} 19.
h3 {[%clk 00:40:10]} {[%emt 00:08:12]} Rc8 {[%clk 01:09:45]} {[%emt 00:03:02]}
20. Rf1 {[%clk 00:32:08]} {[%emt 00:08:31]} Rcd8 {[%clk 01:09:23]} {[%emt
00:00:52]} 21. Rfe1 {[%clk 00:30:37]} {[%emt 00:02:00]} Rc8 {[%clk 01:09:38]}
{[%emt 00:00:15]} 22. Kh2 {[%clk 00:28:06]} {[%emt 00:03:01]} Rcd8 {[%clk
01:10:01]} {[%emt 00:00:08]} 23. Qf2 {[%clk 00:26:57]} {[%emt 00:01:39]} Qa5
{[%clk 01:01:27]} {[%emt 00:09:04]} 24. a3 {[%clk 00:26:43]} {[%emt 00:00:45]}
Qc7 {[%clk 01:01:44]} {[%emt 00:00:12]} 25. a4 {[%clk 00:26:24]} {[%emt
00:00:50]} a5 {[%clk 01:02:01]} {[%emt 00:00:13]} 26. Ba3 {[%clk 00:22:42]}
{[%emt 00:04:11]} Qb6 {[%clk 01:02:04]} {[%emt 00:00:27]} 27. Qe3 {[%clk
00:22:28]} {[%emt 00:00:43]} dxc4 {[%clk 01:01:56]} {[%emt 00:00:40]} 28. dxc4
{[%clk 00:22:30]} {[%emt 00:00:28]} Rd3 {[%clk 01:02:05]} {[%emt 00:00:20]} 29.
Qf2 {[%clk 00:22:08]} {[%emt 00:00:52]} R8d7 {[%clk 01:01:31]} {[%emt
00:01:04]} 30. Re3 {[%clk 00:21:53]} {[%emt 00:00:45]} Qd8 {[%clk 01:00:38]}
{[%emt 00:01:23]} 31. Rxd3 {[%clk 00:21:33]} {[%emt 00:00:50]} Rxd3 {[%clk
01:00:58]} {[%emt 00:00:10]} 32. Rb1 {[%clk 00:19:38]} {[%emt 00:02:26]} Kg8
{[%clk 01:00:33]} {[%emt 00:00:54]} 33. Ne4 {[%clk 00:18:29]} {[%emt 00:01:39]}
Rd1 {[%clk 00:58:23]} {[%emt 00:02:39]} 34. Rb2 {[%clk 00:18:40]} {[%emt
00:00:20]} Qd3 {[%clk 00:58:31]} {[%emt 00:00:22]} 35. Ned2 {[%clk 00:16:15]}
{[%emt 00:02:54]} Qc3 {[%clk 00:57:54]} {[%emt 00:01:04]} 36. Nb1 {[%clk
00:15:48]} {[%emt 00:01:00]} Qd3 {[%clk 00:58:07]} {[%emt 00:00:18]} 37. Nbd2
{[%clk 00:15:11]} {[%emt 00:01:07]} Qc3 {[%clk 00:58:00]} {[%emt 00:00:36]} 38.
Ne4 {[%clk 00:13:44]} {[%emt 00:01:57]} Qd3 {[%clk 00:58:21]} {[%emt 00:00:09]}
39. Ned2 {[%clk 00:14:08]} {[%emt 00:00:06]} 1/2-1/2

[Event "ODJM B 2024"]
[Site "Willingen GER"]
[Date "2024.05.25"]
[Round "9"]
[White "Rössling, Laura Marie"]
[Black "Stepanjan, Tatevik Mia"]
[Result "0-1"]
[Termination "normal"]
[Board "46"]
[WhiteElo "1599"]
[BlackElo "1582"]
[WhiteClock "00:29:01"]
[BlackClock "00:29:26"]
[PlyCount "94"]
[WhiteFideId "16289471"]
[BlackFideId "16246128"]
[EventCountry "GER"]
[EventRounds "9"]
[EventType "swiss"]
[EventDate "2024.05.18"]

1. Nf3 {[%clk 01:30:54]} {[%emt 00:00:05]} c5 {[%clk 01:30:41]} {[%emt
00:00:20]} 2. e3 {[%clk 01:30:48]} {[%emt 00:00:36]} Nc6 {[%clk 01:30:24]}
{[%emt 00:00:47]} 3. g3 {[%clk 01:29:14]} {[%emt 00:02:04]} d5 {[%clk
01:30:02]} {[%emt 00:00:52]} 4. d4 {[%clk 01:28:43]} {[%emt 00:01:01]} cxd4
{[%clk 01:29:29]} {[%emt 00:01:03]} 5. exd4 {[%clk 01:25:44]} {[%emt 00:03:29]}
Bg4 {[%clk 01:27:41]} {[%emt 00:02:17]} 6. Bg2 {[%clk 01:21:46]} {[%emt
00:04:26]} e6 {[%clk 01:27:40]} {[%emt 00:00:34]} 7. O-O {[%clk 01:17:40]}
{[%emt 00:04:36]} Bd6 {[%clk 01:26:43]} {[%emt 00:01:27]} 8. c3 {[%clk
01:15:53]} {[%emt 00:02:12]} Nf6 {[%clk 01:26:34]} {[%emt 00:00:44]} 9. Nbd2
{[%clk 01:14:47]} {[%emt 00:01:33]} O-O {[%clk 01:26:12]} {[%emt 00:00:55]} 10.
Re1 {[%clk 01:09:37]} {[%emt 00:05:34]} b5 {[%clk 01:22:02]} {[%emt 00:04:45]}
11. Nb3 {[%clk 01:06:51]} {[%emt 00:03:11]} b4 {[%clk 01:17:07]} {[%emt
00:05:31]} 12. Qd3 {[%clk 01:02:52]} {[%emt 00:04:16]} Qb6 {[%clk 01:10:08]}
{[%emt 00:07:42]} 13. Be3 {[%clk 00:57:35]} {[%emt 00:05:36]} Bf5 {[%clk
01:09:22]} {[%emt 00:01:28]} 14. Qe2 {[%clk 00:52:36]} {[%emt 00:05:12]} Ne4
{[%clk 01:00:00]} {[%emt 00:10:09]} 15. Ng5 {[%clk 00:44:45]} {[%emt 00:08:05]}
bxc3 {[%clk 00:48:12]} {[%emt 00:12:33]} 16. Nxe4 {[%clk 00:38:13]} {[%emt
00:07:03]} Bxe4 {[%clk 00:36:27]} {[%emt 00:12:14]} 17. Bxe4 {[%clk 00:35:18]}
{[%emt 00:03:23]} Bb4 {[%clk 00:27:46]} {[%emt 00:09:12]} 18. Bxh7+ {[%clk
00:32:16]} {[%emt 00:03:33]} Kxh7 {[%clk 00:26:22]} {[%emt 00:01:54]} 19. bxc3
{[%clk 00:31:32]} {[%emt 00:01:14]} Bd6 {[%clk 00:22:27]} {[%emt 00:04:22]} 20.
Qh5+ {[%clk 00:30:39]} {[%emt 00:01:23]} Kg8 {[%clk 00:22:26]} {[%emt
00:00:33]} 21. Qg4 {[%clk 00:30:08]} {[%emt 00:00:58]} Qd8 {[%clk 00:21:45]}
{[%emt 00:01:14]} 22. Bg5 {[%clk 00:26:29]} {[%emt 00:04:01]} Be7 {[%clk
00:21:38]} {[%emt 00:00:45]} 23. Bh6 {[%clk 00:25:27]} {[%emt 00:01:30]} Bf6
{[%clk 00:21:47]} {[%emt 00:00:23]} 24. h4 {[%clk 00:23:58]} {[%emt 00:01:53]}
Kh8 {[%clk 00:21:16]} {[%emt 00:01:06]} 25. Bg5 {[%clk 00:23:36]} {[%emt
00:00:42]} Bxg5 {[%clk 00:21:21]} {[%emt 00:00:36]} 26. hxg5 {[%clk 00:23:42]}
{[%emt 00:00:23]} Ne7 {[%clk 00:20:42]} {[%emt 00:01:10]} 27. Kg2 {[%clk
00:22:25]} {[%emt 00:01:47]} Kg8 {[%clk 00:19:17]} {[%emt 00:01:55]} 28. Rh1
{[%clk 00:22:45]} {[%emt 00:00:10]} Ng6 {[%clk 00:19:38]} {[%emt 00:00:09]} 29.
Nc5 {[%clk 00:20:12]} {[%emt 00:03:01]} Re8 {[%clk 00:19:26]} {[%emt 00:00:44]}
30. Nd3 {[%clk 00:19:12]} {[%emt 00:01:27]} Rc8 {[%clk 00:18:34]} {[%emt
00:01:25]} 31. Rhc1 {[%clk 00:14:56]} {[%emt 00:04:41]} Qa5 {[%clk 00:14:02]}
{[%emt 00:05:07]} 32. Nb4 {[%clk 00:14:11]} {[%emt 00:01:10]} Qa3 {[%clk
00:13:46]} {[%emt 00:00:50]} 33. Qf3 {[%clk 00:11:46]} {[%emt 00:02:49]} a5
{[%clk 00:13:22]} {[%emt 00:01:00]} 34. Na6 {[%clk 00:10:37]} {[%emt 00:01:38]}
Rc6 {[%clk 00:12:11]} {[%emt 00:01:42]} 35. Nc5 {[%clk 00:10:46]} {[%emt
00:00:20]} Rd8 {[%clk 00:09:34]} {[%emt 00:03:07]} 36. Rcb1 {[%clk 00:10:07]}
{[%emt 00:01:09]} Ne5 {[%clk 00:04:58]} {[%emt 00:05:07]} 37. Qe3 {[%clk
00:08:50]} {[%emt 00:01:43]} Nc4 {[%clk 00:04:32]} {[%emt 00:00:59]} 38. Qd3
{[%clk 00:08:05]} {[%emt 00:00:43]} Nb2 {[%clk 00:03:40]} {[%emt 00:01:55]} 39.
Qc2 {[%clk 00:07:50]} {[%emt 00:00:29]} Rb8 {[%clk 00:02:15]} {[%emt 00:02:10]}
40. Na4 {[%clk 00:07:13]} {[%emt 00:01:07]} Rc4 {[%clk 00:00:43]} {[%emt
00:02:02]} 41. Rxb2 {[%clk 00:05:27]} {[%emt 00:02:16]} Rxb2 {[%clk 00:30:06]}
{[%emt 00:01:07]} 42. Nxb2 {[%clk 00:35:39]} {[%emt 00:00:18]} Rxc3 {[%clk
00:30:25]} {[%emt 00:00:11]} 43. Qe2 {[%clk 00:34:23]} {[%emt 00:01:35]} Qb4
{[%clk 00:30:23]} {[%emt 00:00:43]} 44. Qd2 {[%clk 00:30:50]} {[%emt 00:03:46]}
Rxg3+ {[%clk 00:30:29]} {[%emt 00:00:41]} 45. Kxg3 {[%clk 00:30:32]} {[%emt
00:00:48]} Qxd2 {[%clk 00:30:55]} {[%emt 00:00:05]} 46. Rb1 {[%clk 00:29:24]}
{[%emt 00:00:59]} Qxg5+ {[%clk 00:29:03]} {[%emt 00:03:01]} 47. Kf3 {[%clk
00:29:01]} {[%emt 00:00:51]} Qf5+ {[%clk 00:29:26]} {[%emt 00:00:09]} 0-1

[Event "ODJM B 2024"]
[Site "Willingen GER"]
[Date "2024.05.25"]
[Round "9"]
[White "Gendzelevsky, Stefan"]
[Black "De Cauter, Leah"]
[Result "1-0"]
[Termination "normal"]
[Board "47"]
[WhiteElo "1628"]
[BlackElo "1617"]
[WhiteClock "01:27:13"]
[BlackClock "00:03:42"]
[PlyCount "97"]
[WhiteFideId "34637672"]
[BlackFideId "16222350"]
[EventCountry "GER"]
[EventRounds "9"]
[EventType "swiss"]
[EventDate "2024.05.18"]

1. e4 {[%clk 01:30:58]} {[%emt 00:00:01]} c5 {[%clk 01:30:51]} {[%emt
00:00:09]} 2. Nc3 {[%clk 01:31:23]} {[%emt 00:00:05]} g6 {[%clk 01:31:13]}
{[%emt 00:00:09]} 3. f4 {[%clk 01:31:46]} {[%emt 00:00:07]} Bg7 {[%clk
01:31:34]} {[%emt 00:00:09]} 4. Bc4 {[%clk 01:31:55]} {[%emt 00:00:21]} Nc6
{[%clk 01:30:57]} {[%emt 00:01:07]} 5. Nf3 {[%clk 01:32:13]} {[%emt 00:00:12]}
d6 {[%clk 01:30:55]} {[%emt 00:00:32]} 6. d3 {[%clk 01:32:26]} {[%emt
00:00:16]} e6 {[%clk 01:30:52]} {[%emt 00:00:33]} 7. O-O {[%clk 01:32:35]}
{[%emt 00:00:21]} Nge7 {[%clk 01:31:02]} {[%emt 00:00:19]} 8. Qe1 {[%clk
01:32:39]} {[%emt 00:00:26]} O-O {[%clk 01:30:57]} {[%emt 00:00:35]} 9. Qh4
{[%clk 01:30:34]} {[%emt 00:02:35]} Nd4 {[%clk 01:28:19]} {[%emt 00:03:09]} 10.
f5 {[%clk 01:28:57]} {[%emt 00:02:06]} exf5 {[%clk 01:24:42]} {[%emt 00:04:07]}
11. Bh6 {[%clk 01:28:32]} {[%emt 00:00:55]} Nxf3+ {[%clk 01:14:36]} {[%emt
00:10:37]} 12. Rxf3 {[%clk 01:28:30]} {[%emt 00:00:32]} fxe4 {[%clk 00:48:36]}
{[%emt 00:26:31]} 13. Nxe4 {[%clk 01:27:26]} {[%emt 00:01:34]} Nf5 {[%clk
00:46:45]} {[%emt 00:02:18]} 14. Qxd8 {[%clk 01:21:02]} {[%emt 00:06:57]} Bd4+
{[%clk 00:29:27]} {[%emt 00:17:47]} 15. Kh1 {[%clk 01:19:59]} {[%emt 00:01:33]}
Rxd8 {[%clk 00:29:30]} {[%emt 00:00:27]} 16. Bg5 {[%clk 01:20:09]} {[%emt
00:00:18]} Rf8 {[%clk 00:16:47]} {[%emt 00:13:14]} 17. g4 {[%clk 01:18:55]}
{[%emt 00:01:44]} h6 {[%clk 00:16:58]} {[%emt 00:00:20]} 18. gxf5 {[%clk
01:18:21]} {[%emt 00:01:03]} hxg5 {[%clk 00:16:15]} {[%emt 00:01:13]} 19. fxg6
{[%clk 01:18:39]} {[%emt 00:00:13]} Be6 {[%clk 00:09:29]} {[%emt 00:07:16]} 20.
gxf7+ {[%clk 01:18:07]} {[%emt 00:01:01]} Bxf7 {[%clk 00:08:29]} {[%emt
00:01:31]} 21. Rxf7 {[%clk 01:18:26]} {[%emt 00:00:10]} Rxf7 {[%clk 00:08:26]}
{[%emt 00:00:33]} 22. Nxg5 {[%clk 01:18:17]} {[%emt 00:00:38]} Kg7 {[%clk
00:03:56]} {[%emt 00:05:00]} 23. Nxf7 {[%clk 01:18:35]} {[%emt 00:00:12]} Rf8
{[%clk 00:03:29]} {[%emt 00:00:57]} 24. c3 {[%clk 01:18:01]} {[%emt 00:01:05]}
Bf6 {[%clk 00:02:06]} {[%emt 00:01:52]} 25. Rg1+ {[%clk 01:18:02]} {[%emt
00:00:30]} Kh7 {[%clk 00:01:28]} {[%emt 00:01:08]} 26. d4 {[%clk 01:18:27]}
{[%emt 00:00:07]} Rxf7 {[%clk 00:01:43]} {[%emt 00:00:15]} 27. Bxf7 {[%clk
01:18:46]} {[%emt 00:00:10]} cxd4 {[%clk 00:02:06]} {[%emt 00:00:07]} 28. cxd4
{[%clk 01:19:09]} {[%emt 00:00:07]} Bxd4 {[%clk 00:02:29]} {[%emt 00:00:08]}
29. Rd1 {[%clk 01:19:24]} {[%emt 00:00:14]} Bc5 {[%clk 00:01:43]} {[%emt
00:01:16]} 30. h4 {[%clk 01:19:35]} {[%emt 00:00:19]} b6 {[%clk 00:01:43]}
{[%emt 00:00:31]} 31. Rc1 {[%clk 01:19:51]} {[%emt 00:00:13]} a5 {[%clk
00:01:32]} {[%emt 00:00:41]} 32. Rxc5 {[%clk 01:20:15]} {[%emt 00:00:06]} bxc5
{[%clk 00:00:44]} {[%emt 00:01:19]} 33. Kg2 {[%clk 01:20:37]} {[%emt 00:00:08]}
Kg7 {[%clk 00:00:59]} {[%emt 00:00:15]} 34. Bc4 {[%clk 01:21:02]} {[%emt
00:00:05]} Kh6 {[%clk 00:01:16]} {[%emt 00:00:13]} 35. Kf3 {[%clk 01:21:27]}
{[%emt 00:00:04]} Kh5 {[%clk 00:01:33]} {[%emt 00:00:13]} 36. Ke4 {[%clk
01:21:52]} {[%emt 00:00:05]} Kxh4 {[%clk 00:01:53]} {[%emt 00:00:10]} 37. Kd5
{[%clk 01:22:17]} {[%emt 00:00:05]} Kg4 {[%clk 00:02:02]} {[%emt 00:00:20]} 38.
Kxd6 {[%clk 01:22:43]} {[%emt 00:00:04]} Kf4 {[%clk 00:02:09]} {[%emt
00:00:24]} 39. Kxc5 {[%clk 01:23:09]} {[%emt 00:00:04]} Ke5 {[%clk 00:01:59]}
{[%emt 00:00:39]} 40. Kb5 {[%clk 01:23:35]} {[%emt 00:00:05]} Kd4 {[%clk
00:02:15]} {[%emt 00:00:15]} 41. a4 {[%clk 01:24:01]} {[%emt 00:00:04]} Ke5
{[%clk 00:02:14]} {[%emt 00:00:31]} 42. Kxa5 {[%clk 01:24:25]} {[%emt
00:00:06]} Kd6 {[%clk 00:02:33]} {[%emt 00:00:11]} 43. Kb6 {[%clk 01:24:51]}
{[%emt 00:00:03]} Kd7 {[%clk 00:02:31]} {[%emt 00:00:32]} 44. a5 {[%clk
01:25:16]} {[%emt 00:00:06]} Kc8 {[%clk 00:02:49]} {[%emt 00:00:12]} 45. a6
{[%clk 01:25:41]} {[%emt 00:00:05]} Kb8 {[%clk 00:03:04]} {[%emt 00:00:14]} 46.
Be6 {[%clk 01:26:00]} {[%emt 00:00:11]} Ka8 {[%clk 00:03:22]} {[%emt 00:00:12]}
47. b3 {[%clk 01:26:23]} {[%emt 00:00:07]} Kb8 {[%clk 00:03:28]} {[%emt
00:00:24]} 48. a7+ {[%clk 01:26:48]} {[%emt 00:00:05]} Ka8 {[%clk 00:03:42]}
{[%emt 00:00:17]} 49. Bd5# {[%clk 01:27:13]} {[%emt 00:00:05]} 1-0

[Event "ODJM B 2024"]
[Site "Willingen GER"]
[Date "2024.05.25"]
[Round "9"]
[White "Symanski, Linda"]
[Black "Kühne, Malin"]
[Result "1-0"]
[Termination "normal"]
[Board "48"]
[WhiteElo "1542"]
[BlackElo "1546"]
[WhiteClock "00:12:09"]
[BlackClock "00:26:42"]
[PlyCount "63"]
[WhiteFideId "16284534"]
[BlackFideId "34619747"]
[EventCountry "GER"]
[EventRounds "9"]
[EventType "swiss"]
[EventDate "2024.05.18"]

1. d4 {[%clk 01:30:59]} d5 {[%clk 01:30:55]} {[%emt 00:00:06]} 2. c4 {[%clk
01:31:24]} {[%emt 00:00:05]} e6 {[%clk 01:31:19]} {[%emt 00:00:06]} 3. Nc3
{[%clk 01:31:47]} {[%emt 00:00:06]} Nf6 {[%clk 01:31:44]} {[%emt 00:00:06]} 4.
Bg5 {[%clk 01:32:12]} {[%emt 00:00:04]} Be7 {[%clk 01:31:52]} {[%emt 00:00:22]}
5. Nf3 {[%clk 01:32:09]} {[%emt 00:00:33]} O-O {[%clk 01:31:13]} {[%emt
00:01:09]} 6. e3 {[%clk 01:32:28]} {[%emt 00:00:11]} Nbd7 {[%clk 01:29:05]}
{[%emt 00:02:39]} 7. Qc2 {[%clk 01:32:19]} {[%emt 00:00:39]} h6 {[%clk
01:27:39]} {[%emt 00:01:56]} 8. h4 {[%clk 01:24:03]} {[%emt 00:08:45]} dxc4
{[%clk 01:14:13]} {[%emt 00:13:57]} 9. Bxc4 {[%clk 01:23:19]} {[%emt 00:01:13]}
c5 {[%clk 01:10:55]} {[%emt 00:03:48]} 10. O-O-O {[%clk 01:18:07]} {[%emt
00:05:42]} b6 {[%clk 01:03:58]} {[%emt 00:07:27]} 11. d5 {[%clk 01:10:05]}
{[%emt 00:08:31]} exd5 {[%clk 01:01:08]} {[%emt 00:03:20]} 12. Bxd5 {[%clk
01:08:08]} {[%emt 00:02:27]} Nxd5 {[%clk 00:57:39]} {[%emt 00:03:58]} 13. Nxd5
{[%clk 01:08:08]} {[%emt 00:00:31]} f6 {[%clk 00:51:15]} {[%emt 00:06:54]} 14.
Bxh6 {[%clk 00:59:38]} {[%emt 00:09:01]} Bb7 {[%clk 00:45:17]} {[%emt
00:06:28]} 15. Qg6 {[%clk 00:38:06]} {[%emt 00:22:01]} Rf7 {[%clk 00:44:43]}
{[%emt 00:01:04]} 16. Rh3 {[%clk 00:34:19]} {[%emt 00:04:17]} Nf8 {[%clk
00:43:13]} {[%emt 00:02:00]} 17. Nxf6+ {[%clk 00:32:20]} {[%emt 00:02:30]} Bxf6
{[%clk 00:41:34]} {[%emt 00:02:08]} 18. Rxd8 {[%clk 00:32:42]} {[%emt
00:00:08]} Rxd8 {[%clk 00:41:01]} {[%emt 00:01:04]} 19. Qg3 {[%clk 00:32:30]}
{[%emt 00:00:38]} Kh8 {[%clk 00:39:28]} {[%emt 00:02:06]} 20. Bg5 {[%clk
00:32:15]} {[%emt 00:00:44]} Bxf3 {[%clk 00:37:24]} {[%emt 00:02:35]} 21. gxf3
{[%clk 00:29:56]} {[%emt 00:02:49]} Rfd7 {[%clk 00:35:37]} {[%emt 00:02:17]}
22. Rh1 {[%clk 00:28:11]} {[%emt 00:02:14]} Rd6 {[%clk 00:34:55]} {[%emt
00:01:13]} 23. Rg1 {[%clk 00:27:15]} {[%emt 00:01:26]} R8d7 {[%clk 00:35:10]}
{[%emt 00:00:14]} 24. e4 {[%clk 00:25:19]} {[%emt 00:02:28]} Bd4 {[%clk
00:34:51]} {[%emt 00:00:47]} 25. h5 {[%clk 00:21:30]} {[%emt 00:04:20]} Ne6
{[%clk 00:32:11]} {[%emt 00:03:10]} 26. h6 {[%clk 00:17:09]} {[%emt 00:04:50]}
a6 {[%emt 00:03:24]} 27. hxg7+ {[%clk 00:15:59]} {[%emt 00:01:38]} Bxg7 {[%clk
00:28:54]} {[%emt 00:00:55]} 28. Bf6 {[%clk 00:14:38]} {[%emt 00:01:51]} Rd3
{[%clk 00:28:04]} {[%emt 00:01:20]} 29. Qg4 {[%clk 00:13:28]} {[%emt 00:01:41]}
R3d6 {[%clk 00:27:10]} {[%emt 00:01:24]} 30. Qh5+ {[%clk 00:13:24]} {[%emt
00:00:33]} Kg8 {[%clk 00:27:29]} {[%emt 00:00:11]} 31. Qe8+ {[%clk 00:12:15]}
{[%emt 00:01:40]} Nf8 {[%clk 00:26:42]} {[%emt 00:01:17]} 32. Qe5 {[%clk
00:12:09]} {[%emt 00:00:36]} 1-0